000 00469nam a2200181Ia 4500
001 16242
005 20260306170255.0
008 260306t2016||||xx |||||||||||||| ||und||
041 _aESP
082 _a347.51
_bF62
100 _aFlores Gallegos, Jorge
_eAUT
245 0 _aTratamiento tributario de las asociaciones civiles sin fines de lucro
260 _c2016
300 _a48 páginas :
_c24 cm.
650 _aGEN
654 _aCDE
942 _cLIB
_dJUS
_fJUS
_2ddc
_n
999 _c16242
_d16242